Quizzes
Events
Quiz Creation
Community
Videos
Private Events
Remove Ads
Sign In
Join for FREE
Feedback
Dark Mode
Quiz Categories
Sports
Geography
Music
Movies
Television
Just For Fun
Miscellaneous
History
Literature
Language
Science
Gaming
Entertainment
Religion
Holiday
For Kids
Quiz Lab
Recent
Popular Today
Quiz Kudos Today
Editor Picks
Curator Picks
Quizzes by...
Day
Popularity
Type
Ratings
Length
Year
Community
Subscriptions
Recent Discussions
Orange Saloon
Badges
Playlists
Quests
Create
Leaderboards
Showdown
Live 5
Trivia Bingo
Activity
Puzzle Library
Sporcle Events
Private Events
Virtual Trivia
Globe League
Become a Host
Pub Owners
SporcleCon
Opinionation
Our Games
Videos
Blog
Mobile Apps
Partnerships
Remove Ads and Go Orange
Feedback
Geography
Country
Landmarks
City
State
Population
World
Capital
Continent
Flags
Europe
Africa
Asia
South America
North America
Oceania
Border
Canada
United Kingdom
Topography
United States
Geography
Country
Landmarks
City
State
Population
World
Capital
Continent
Flags
Europe
Africa
Asia
South America
North America
Oceania
Border
Canada
United Kingdom
Topography
United States
Random Quiz
Search Sporcle
×
Quiz Lab
Quiz Lab
Geography
City
Type in answers that appear in a list
Type in answers that appear in a list
Classic
Best Score? Go Orange.
Closest bigger city (USA) Stats
Can you name the nearest US city larger than the one listed
By
Woodchucker
4m
20 Questions
244 Plays
244 Plays
244 Plays
Comments
Comments
Give Quiz Kudos
Give Quiz Kudos
-
- Ratings
hide this ad
More Info
Forced Order
Answers have to be entered in order
Answers have to be entered in order
Random Order
Randomize order of answers
Randomize order of answers
Replay
Link that replays current quiz
Next Quiz
Link to next quiz in quiz playlist
You Got
0%
They Got
Avg Score
56%
Avg Friend Score
Upgrade to see
Score Distribution
Jump to the score distribution portion of the page
Score
0/20
Timer
04:00
0
Plays Today
City
Larger City
% Correct
Los Angeles, CA
New York, NY
84%
Boston, MA
New York, NY
78.7%
Anchorage, AK
Seattle, WA
75.4%
Seattle, WA
San Francisco, CA
75%
New Orleans, LA
Houston, TX
74.6%
Houston, TX
Chicago, IL
73.4%
Baltimore, MD
Philadelphia, PA
70.1%
Cleveland, OH
Detroit, MI
69.7%
Columbus, OH
Indianapolis, IN
60.2%
Richmond, VA
Norfolk, VA
57.4%
City
Larger City
% Correct
Atlanta, GA
Nashville, TN
57%
Buffalo, NY
Cleveland, OH
54.1%
Mobile, AL
New Orleans, LA
53.7%
Asheville, NC
Knoxville, TN
42.6%
St. Louis, MO
Indianapolis, IN
38.9%
Minneapolis, MN
Omaha, NE
38.1%
Salt Lake City, UT
Boise, ID
37.7%
Albany, NY
Springfield, MA
30.3%
Rapid City, SD
Billings, MT
29.5%
Denver, CO
El Paso, TX
29.1%
Quiz Playlist
Details
Report
Send in Message
Add To Playlist
More Info:
City proper populations. Distances measured as the crow flies.
Classic:
Type in answers that appear in a list
Forced Order:
Answers have to be entered in order
Random Order:
Randomize order of answers
Quiz Source
Last Updated: Feb 16, 2017
Quiz Scoreboard
CHALLENGE
Sign Up to Join the Scoreboard
Show All
Scores
Hide
Comments
May contain spoilers
Recently Published
Presidents Visiting Landmarks
by Hejman
History
7m
An Introduction to Baseball
by treessimontrees
Sports
5m
Movies - When Are They Set?
by FPL_Elf
Movies
5m
More to Explore
Quiz From the Vault
Featured Blog Post
Where Did the Easter Bunny Come From?
hide this ad
You Might Also Like...
Tags
City Quiz
Bigger
closest
distance
Larger
nearest
USA
Today's Top Quizzes in Geography
Browse Geography
hide this ad
Today's Top Quizzes in City
Browse City
Top Contributed Quizzes in Geography
1
Countries of the World - No Outlines Minefield
2
Top 25 Cities of France on a map
3
Any capital of a 'B' country per Continent
4
Closest Countries to UK A-Z
5
Any capital of a 'C' country per Continent
6
One Thing in Common: United Kingdom
7
Any capital of a 'D' country per Continent
8
Find the Provinces of Canada - No Outlines Minefield
9
5-to-1: US Geography No Hints
10
Any capital of an 'E' country per Continent
Explore More
Trending Topics
Anime
Kpop
Disney
Marvel
NBA
Crossword
Harry Potter
Puzzle
Pokémon
Country
The Office
NFL
WWE
Soccer
Song
hide this ad
More By:
Woodchucker
Quiz
Plays
Rating
Category
Featured
Created
Foreign-Born Population: Florida
75,975
4.64
Geography
Jul 25, 2014
Foreign-Born Population: Alaska
30,053
4.56
Geography
Jul 22, 2014
Foreign-Born Population: Hawaii
5,693
4.69
Geography
Aug 7, 2014
Foreign-Born Population: Boston
861
4.63
Geography
May 15, 2012
Foreign-Born Population: Delaware
667
5.00
Geography
Jul 25, 2014
Go to Creator's Profile
Score Distribution
Quiz Creator Spotlight
Woodchucker
Follow
Send a Message
Quizzes Created
-
Created Quiz Play Count
-
More By This Creator
Popular Quizzes Today
1
Find the US States - No Outlines Minefield
2
Find the Countries of Europe - No Outlines Minefield
3
The Countries of the World
4
Find the US States
5
Popular People in 1961
6
US States
7
Risky Map Clicking: Biggest States A-Z
8
Movies - When Are They Set?
More Geography Quizzes
Alphabetised Anagrams: Canadian Provinces & Territories
Curator's Pick
Trending Quizzes
Risky Map Clicking: Least Populous States A-Z
1-10 Letter G Words
1-10 Letter F Words
Risky Map Clicking: Next State Alphabetically
Risky Map Clicking: Biggest States A-Z
Recently Updated
Leaping Animals
pecheneg
Reality TV Shows (A-Z)
bhenderson79
Rickey Henderson's Hall of Fame Teammates
pecheneg
Champions League XIs: Arsenal
pecheneg
Quick Pick: Celebrities in WWE's Hall of Fame
aduchscher
A-Z Keypad Blitz II
pecheneg
Multiple Oscar Actors
pecheneg
Mystery Phrase Blitz: Oscar 'Best Actors'
pecheneg
F. Scott Fitzgerald Novels
LTH
Pick 3 Villains
ddd62291
Trending Topics
Harry Potter
Kpop
Anime
Crossword
Disney
NBA
Marvel
The Office
WWE
Puzzle
Pokémon
NFL
Song
Country
Soccer
Your Account Isn't Verified!
In order to create a playlist on Sporcle, you need to verify the email address you used during registration. Go to your
Sporcle Settings
to finish the process.
Report this User
Report this user for behavior that violates our
Community Guidelines
.
Details:
Send Report
Go to the Sporcle.com Mobile Site →
Comments